<?xml version="1.0" encoding="UTF-8"?>
<record
    xmlns:xsi="http://www.w3.org/2001/XMLSchema-instance"
    xsi:schemaLocation="http://www.loc.gov/MARC21/slim http://www.loc.gov/standards/marcxml/schema/MARC21slim.xsd"
    xmlns="http://www.loc.gov/MARC21/slim">

  <leader>00972nam a2200265 a 4500</leader>
  <controlfield tag="008">170301s1977    sp ||||f |||| 001 0 spa d</controlfield>
  <datafield tag="020" ind1=" " ind2=" ">
    <subfield code="a">8420620475</subfield>
  </datafield>
  <datafield tag="041" ind1=" " ind2=" ">
    <subfield code="a">spa</subfield>
  </datafield>
  <datafield tag="092" ind1=" " ind2=" ">
    <subfield code="c">121</subfield>
    <subfield code="l">33</subfield>
    <subfield code="s">HEM</subfield>
  </datafield>
  <datafield tag="100" ind1="1" ind2=" ">
    <subfield code="a">Hempel, Carl G.</subfield>
    <subfield code="9">3157</subfield>
  </datafield>
  <datafield tag="245" ind1=" " ind2=" ">
    <subfield code="a">Filosofia de la ciencia natural /</subfield>
    <subfield code="c">Carl G.  Hempel</subfield>
  </datafield>
  <datafield tag="250" ind1=" " ind2=" ">
    <subfield code="a">3a ed.</subfield>
    <subfield code="b">Traduccion Alfredo Dea&#xF1;o</subfield>
  </datafield>
  <datafield tag="260" ind1=" " ind2=" ">
    <subfield code="a">Madrid:</subfield>
    <subfield code="b">Alianza Universidad;</subfield>
    <subfield code="c">1977.</subfield>
  </datafield>
  <datafield tag="300" ind1=" " ind2=" ">
    <subfield code="a">162 p.</subfield>
  </datafield>
  <datafield tag="500" ind1=" " ind2=" ">
    <subfield code="a">Hempel, C. G. (1977). Filosof&#xED;a de la ciencia natural. (3a ed.). Madrid : Alianza Universidad.</subfield>
  </datafield>
  <datafield tag="590" ind1=" " ind2=" ">
    <subfield code="a">Donacion Dora Vera, febrero 2017.</subfield>
  </datafield>
  <datafield tag="653" ind1=" " ind2="3">
    <subfield code="a">La invencion cientifica : invencion y contrastacion</subfield>
  </datafield>
  <datafield tag="653" ind1=" " ind2="3">
    <subfield code="a">La contrastacion de una hipotesis : su logica y su fuerza</subfield>
  </datafield>
  <datafield tag="653" ind1=" " ind2=" ">
    <subfield code="a">Criterios de confirmacion y aceptibilidad</subfield>
  </datafield>
  <datafield tag="653" ind1=" " ind2="4">
    <subfield code="a">Las leyes y su papel en la explicacion cientifica</subfield>
  </datafield>
  <datafield tag="653" ind1=" " ind2=" ">
    <subfield code="a">Formacion de los conceptos</subfield>
  </datafield>
  <datafield tag="653" ind1=" " ind2="3">
    <subfield code="a">La reduccion teorica</subfield>
  </datafield>
  <datafield tag="653" ind1=" " ind2=" ">
    <subfield code="a">Antologias</subfield>
  </datafield>
  <datafield tag="942" ind1=" " ind2=" ">
    <subfield code="2">ddc</subfield>
    <subfield code="c">BK</subfield>
  </datafield>
  <datafield tag="999" ind1=" " ind2=" ">
    <subfield code="c">2356</subfield>
    <subfield code="d">2356</subfield>
  </datafield>
  <datafield tag="952" ind1=" " ind2=" ">
    <subfield code="0">0</subfield>
    <subfield code="1">0</subfield>
    <subfield code="2">ddc</subfield>
    <subfield code="4">0</subfield>
    <subfield code="7">0</subfield>
    <subfield code="a">BFM</subfield>
    <subfield code="b">BFM</subfield>
    <subfield code="c">CR</subfield>
    <subfield code="d">2017-03-01</subfield>
    <subfield code="e">Donacion Dora Vera , febrero 2017</subfield>
    <subfield code="l">0</subfield>
    <subfield code="o">121 33 HEM</subfield>
    <subfield code="p">3794</subfield>
    <subfield code="r">2017-03-01</subfield>
    <subfield code="t">Ej. 1</subfield>
    <subfield code="w">2017-03-01</subfield>
    <subfield code="y">BK</subfield>
    <subfield code="z">Donacion Dora Vera , febrero 2017</subfield>
  </datafield>
</record>
